Aalto in detail : (Record no. 12442)

000 -LEADER
fixed length control field 00587nam a22002175i 4500
003 - CONTROL NUMBER IDENTIFIER
control field OSt
005 - DATE AND TIME OF LATEST TRANSACTION
control field 20240117150005.0
008 - FIXED-LENGTH DATA ELEMENTS--GENERAL INFORMATION
fixed length control field 220119s2022 mau 000 0 eng
020 ## - INTERNATIONAL STANDARD BOOK NUMBER
International Standard Book Number 9783035623321
Qualifying information (hardcover)
020 ## - INTERNATIONAL STANDARD BOOK NUMBER
Cancelled/invalid ISBN 9783035623345
Qualifying information (adobe pdf)
040 ## - CATALOGING SOURCE
Original cataloging agency DLC
Language of cataloging eng
Description conventions rda
Transcribing agency DLC
042 ## - AUTHENTICATION CODE
Authentication code pcc
082 ## - DEWEY DECIMAL CLASSIFICATION NUMBER
Classification number 720.92
Item number DIE
100 1# - MAIN ENTRY--PERSONAL NAME
Personal name Dietziker, Céline,
Relator term author.
245 10 - TITLE STATEMENT
Title Aalto in detail :
Remainder of title a catalog of components /
Statement of responsibility, etc Céline Dietziker, Lukas Gruntz.
250 ## - EDITION STATEMENT
Edition statement 1.
263 ## - PROJECTED PUBLICATION DATE
Projected publication date 2205
300 ## - PHYSICAL DESCRIPTION
Extent pages cm
700 1# - ADDED ENTRY--PERSONAL NAME
Personal name Gruntz, Lukas,
Relator term author.
942 ## - ADDED ENTRY ELEMENTS (KOHA)
Source of classification or shelving scheme
Holdings
Withdrawn status Lost status Source of classification or shelving scheme Damaged status Koha normalized classification for sorting Not for loan Permanent location Current location Date acquired Source of acquisition Cost, normal purchase price Full call number Barcode Date last seen Cost, replacement price Price effective from Koha item type
        720_920000000000000_DIE   BMS College of Architecture, Design and Planning BMS College of Architecture, Design and Planning 2024-01-17 1 2234.40 720.92 DIE AR-UG3691 2024-01-17 2979.20 2024-01-17 UG Books
Copyright © 2025, The Librarian, Library and Information Centre, BMSCA D&P, Bengaluru. All Rights Reserved
web counter

Powered by Koha